Die größten Städte Deutschlands mit E - Statistiken

Allgemein
  • Dieses Quiz wurde 384 mal gespielt
  • Das Durchschnittsergebnis liegt bei 5 aus 13
Antwortstatistiken
Bundesland Stadt % Korrekt
Nordrhein-Westfallen Essen
96%
Thüringen Erfurt
84%
Bayern Erlangen
74%
Baden-Württemberg Esslingen (am Neckar)
69%
Niedersachsen Emden
56%
Brandenburg Eberswalde
40%
Schleswig-Holstein Elmshorn
31%
Sachsen-Anhalt Eisleben (Lutherstadt)
22%
Hessen Eschborn
11%
Sachsen Eilenburg
10%
Rheinland-Pfalz Eisenberg (Pfalz)
7%
Mecklenburg-Vorpommern Eggesin
5%
Saarland Eppelborn
5%
Keine übereinstimmenden Quizze gefunden
Verteilung der Resultate
Anzahl Personen mit jedem Resultat
Perzentil nach korrekt beantworteten Fragen
Ihre Resultats-Entwicklung
Sie haben dieses Quiz noch nicht gespielt